000 00545nam a2200217Ia 4500
003 OSt
005 20220928144029.0
006 a|||||r|||| 00| 0
007 ta
008 220927b |||||||| |||| 00| 0 eng d
024 _a23679
037 _cTextual
040 _aSDCL
_cSDCL
_beng
041 _2eng
_aeng
082 _aX9:8, N9
100 _aSpuler David A
_9506428
245 0 _aEnterprise application management with patrol
260 _c1999
942 _hX9:8, N9
_cTEXL
_2CC
999 _c825624
_d825624